[Event "World Chess Olympiad 2018"]
[Site "Batumi"]
[Date "2018.10.04"]
[Round "10"]
[Board "1"]
[WhiteFideId "3900754"]
[White "Sanchez Castillo Sarai Carolina"]
[BlackFideId "4127714"]
[Black "Ryjanova Julia"]
[Result "1/2-1/2"]
[LiveChessVersion "1.4.8"]
[BlackElo "2330"]
[WhiteElo "2137"]

1. e4 {[%clk 1:30:58]} c6 {[%clk 1:30:54]} 2. d4 {[%clk 1:31:24]} d5
{[%clk 1:31:20]} 3. Nc3 {[%clk 1:31:49]} dxe4 {[%clk 1:31:44]} 4. Nxe4
{[%clk 1:32:12]} Nf6 {[%clk 1:32:09]} 5. Ng3 {[%clk 1:30:57]} h5 {[%clk 1:32:25]}
6. Bc4 {[%clk 1:21:44]} h4 {[%clk 1:26:39]} 7. N3e2 {[%clk 1:22:06]} Bf5
{[%clk 1:26:24]} 8. h3 {[%clk 1:12:58]} Be4 {[%clk 1:18:59]} 9. f3
{[%clk 1:08:25]} Bf5 {[%clk 1:18:06]} 10. Bd3 {[%clk 0:59:44]} Nbd7
{[%clk 1:02:56]} 11. Bf4 {[%clk 0:38:50]} e6 {[%clk 0:57:49]} 12. c3
{[%clk 0:28:09]} Bxd3 {[%clk 0:56:12]} 13. Qxd3 {[%clk 0:27:21]} Nh5
{[%clk 0:50:28]} 14. Be3 {[%clk 0:24:56]} Ne5 {[%clk 0:41:48]} 15. Qc2
{[%clk 0:17:01]} Nc4 {[%clk 0:41:27]} 16. Bc1 {[%clk 0:17:30]} Bd6
{[%clk 0:38:31]} 17. f4 {[%clk 0:09:46]} Qf6 {[%clk 0:35:32]} 18. Qe4
{[%clk 0:10:07]} Bc7 {[%clk 0:22:00]} 19. Nf3 {[%clk 0:09:13]} Nd6
{[%clk 0:19:54]} 20. Qc2 {[%clk 0:07:18]} Qf5 {[%clk 0:19:44]} 21. Qxf5
{[%clk 0:06:59]} Nxf5 {[%clk 0:19:57]} 22. O-O {[%clk 0:07:17]} f6
{[%clk 0:10:48]} 23. Ne1 {[%clk 0:01:08]} O-O-O {[%clk 0:09:02]} 24. Nd3
{[%clk 0:01:32]} b6 {[%clk 0:09:08]} 25. b4 {[%clk 0:01:47]} Rhe8
{[%clk 0:06:26]} 26. a4 {[%clk 0:00:58]} Kb7 {[%clk 0:05:35]} 27. a5
{[%clk 0:00:38]} Rd5 {[%clk 0:04:56]} 28. axb6 {[%clk 0:00:34]} axb6
{[%clk 0:05:15]} 29. Rf3 {[%clk 0:00:33]} Rdd8 {[%clk 0:05:16]} 30. Bd2
{[%clk 0:00:32]} Ra8 {[%clk 0:05:01]} 31. Rff1 {[%clk 0:00:56]} Nd6
{[%clk 0:03:46]} 32. Rfc1 {[%clk 0:00:32]} Red8 {[%clk 0:02:57]} 33. Be1
{[%clk 0:00:47]} Nf5 {[%clk 0:03:15]} 34. Rcb1 {[%clk 0:00:58]} g6
{[%clk 0:02:11]} 35. Nc5+ {[%clk 0:01:18]} Kb8 {[%clk 0:02:05]} 36. Rxa8+
{[%clk 0:00:41]} Kxa8 {[%clk 0:02:33]} 37. Nxe6 {[%clk 0:01:00]} Rd7
{[%clk 0:02:41]} 38. Ra1+ {[%clk 0:00:40]} Kb7 {[%clk 0:02:55]} 39. Nxc7
{[%clk 0:00:51]} Rxc7 {[%clk 0:03:12]} 40. Kf2 {[%clk 0:30:33]} Re7
{[%clk 0:33:07]} 41. Bd2 {[%clk 0:22:45]} Nd6 {[%clk 0:29:09]} 42. Kf3
{[%clk 0:22:34]} Nc4 {[%clk 0:27:05]} 43. Ra2 {[%clk 0:22:22]} Ng7
{[%clk 0:22:08]} 44. g4 {[%clk 0:05:38]} hxg3 {[%clk 0:21:37]} 45. Nxg3
{[%clk 0:06:06]} Ne8 {[%clk 0:17:41]} 46. Ne4 {[%clk 0:03:55]} Rh7
{[%clk 0:16:10]} 47. Nf2 {[%clk 0:03:50]} Re7 {[%clk 0:14:31]} 48. Nd3
{[%clk 0:02:35]} Ned6 {[%clk 0:13:20]} 49. Bc1 {[%clk 0:02:14]} Rh7
{[%clk 0:10:50]} 50. Nf2 {[%clk 0:01:20]} Nb5 {[%clk 0:09:02]} 51. Re2
{[%clk 0:01:48]} Nc7 {[%clk 0:07:25]} 52. Kg2 {[%clk 0:00:42]} Kc8
{[%clk 0:06:19]} 53. Ng4 {[%clk 0:00:55]} Rf7 {[%clk 0:05:51]} 54. Ne3
{[%clk 0:00:32]} Nd6 {[%clk 0:03:11]} 55. c4 {[%clk 0:00:33]} Ne6
{[%clk 0:03:00]} 56. Nc2 {[%clk 0:01:02]} Re7 {[%clk 0:02:17]} 57. Kf2
{[%clk 0:00:58]} Nxc4 {[%clk 0:02:17]} 58. b5 {[%clk 0:01:25]} Kd7
{[%clk 0:00:49]} 59. bxc6+ {[%clk 0:01:12]} Kxc6 {[%clk 0:01:18]} 60. Nb4+
{[%clk 0:01:25]} Kd6 {[%clk 0:00:47]} 61. Rc2 {[%clk 0:00:34]} b5
{[%clk 0:01:06]} 62. d5 {[%clk 0:00:36]} Nc5 {[%clk 0:00:37]} 63. Ra2
{[%clk 0:00:34]} Nb6 {[%clk 0:00:33]} 64. f5 {[%clk 0:00:35]} gxf5
{[%clk 0:00:57]} 65. Bf4+ {[%clk 0:01:03]} Kd7 {[%clk 0:00:54]} 66. Ra7+
{[%clk 0:01:28]} Ke8 {[%clk 0:01:13]} 67. Rxe7+ {[%clk 0:00:59]} Kxe7
{[%clk 0:01:42]} 68. Ke3 {[%clk 0:00:37]} Ncd7 {[%clk 0:01:18]} 69. Nc6+
{[%clk 0:00:37]} Kf7 {[%clk 0:01:35]} 70. Kd4 {[%clk 0:01:01]} Nc8
{[%clk 0:01:19]} 71. Nd8+ {[%clk 0:00:31]} Ke7 {[%clk 0:01:27]} 72. Nc6+
{[%clk 0:00:59]} Kf7 {[%clk 0:01:50]} 73. d6 {[%clk 0:00:34]} Nf8
{[%clk 0:01:24]} 74. Bh2 {[%clk 0:00:32]} Ke6 {[%clk 0:01:38]} 75. Kc5
{[%clk 0:00:32]} Nd7+ {[%clk 0:01:31]} 76. Kxb5 {[%clk 0:00:34]} Nxd6+
{[%clk 0:01:46]} 77. Kb4 {[%clk 0:00:57]} Ne5 {[%clk 0:02:41]} 78. Nd4+
{[%clk 0:00:45]} Kd5 {[%clk 0:03:02]} 79. Ne2 {[%clk 0:00:38]} Ndf7
{[%clk 0:02:16]} 80. Nc3+ {[%clk 0:00:34]} Ke6 {[%clk 0:02:17]} 81. h4
{[%clk 0:00:33]} f4 {[%clk 0:02:30]} 82. Ne4 {[%clk 0:00:33]} f3 {[%clk 0:02:34]}
83. Kc3 {[%clk 0:00:31]} Ng4 {[%clk 0:02:36]} 84. Bg3 {[%clk 0:00:57]} Kf5
{[%clk 0:02:27]} 85. Nd2 {[%clk 0:00:56]} Nfe5 {[%clk 0:02:33]} 86. Kd4
{[%clk 0:00:44]} f2 {[%clk 0:02:17]} 87. Nf1 {[%clk 0:00:36]} Nf3+
{[%clk 0:01:59]} 88. Kd3 {[%clk 0:01:00]} Ng1 {[%clk 0:01:47]} 89. Nd2
{[%clk 0:00:32]} Nf3 {[%clk 0:00:58]} 90. Nf1 {[%clk 0:00:46]} Kg6
{[%clk 0:00:59]} 91. Bxf2 {[%clk 0:00:55]} Nxf2+ {[%clk 0:01:07]} 92. Ke3
{[%clk 0:01:22]} Nxh4 {[%clk 0:01:08]} 93. Kxf2 {[%clk 0:01:49]} 1/2-1/2

[Event "World Chess Olympiad 2018"]
[Site "Batumi"]
[Date "2018.10.04"]
[Round "10"]
[Board "2"]
[WhiteFideId "8602867"]
[White "Zhang Jilin"]
[BlackFideId "3900533"]
[Black "Rovira Contreras Tairu Manuela"]
[Result "1-0"]
[LiveChessVersion "1.4.8"]
[BlackElo "2033"]
[WhiteElo "2224"]

1. e4 {[%clk 1:30:58]} e5 {[%clk 1:30:29]} 2. Nf3 {[%clk 1:31:19]} Nc6
{[%clk 1:30:54]} 3. Bb5 {[%clk 1:31:36]} a6 {[%clk 1:30:38]} 4. Ba4
{[%clk 1:31:45]} Nf6 {[%clk 1:30:14]} 5. O-O {[%clk 1:31:48]} b5 {[%clk 1:29:30]}
6. Bb3 {[%clk 1:32:11]} Be7 {[%clk 1:29:54]} 7. d4 {[%clk 1:31:48]} d6
{[%clk 1:05:30]} 8. c3 {[%clk 1:31:27]} Bg4 {[%clk 0:55:14]} 9. Be3
{[%clk 1:30:58]} O-O {[%clk 0:53:28]} 10. Nbd2 {[%clk 1:26:59]} exd4
{[%clk 0:45:36]} 11. cxd4 {[%clk 1:27:19]} d5 {[%clk 0:44:08]} 12. e5
{[%clk 1:07:14]} Ne4 {[%clk 0:39:37]} 13. Qc1 {[%clk 0:58:36]} Na5
{[%clk 0:28:01]} 14. Bc2 {[%clk 0:54:43]} f5 {[%clk 0:16:14]} 15. exf6
{[%clk 0:52:43]} Nxf6 {[%clk 0:15:59]} 16. Ne5 {[%clk 0:49:04]} Bd6
{[%clk 0:14:56]} 17. Qb1 {[%clk 0:40:24]} Bh5 {[%clk 0:10:44]} 18. Bg5
{[%clk 0:39:20]} h6 {[%clk 0:10:36]} 19. Bh4 {[%clk 0:38:44]} c5 {[%clk 0:06:44]}
20. Bh7+ {[%clk 0:31:36]} Kh8 {[%clk 0:06:57]} 21. Bg6 {[%clk 0:31:40]} cxd4
{[%clk 0:05:35]} 22. f4 {[%clk 0:29:36]} Be2 {[%clk 0:04:34]} 23. Re1
{[%clk 0:23:59]} d3 {[%clk 0:04:49]} 24. Bxd3 {[%clk 0:23:04]} Bxd3
{[%clk 0:04:36]} 25. Qxd3 {[%clk 0:23:22]} Bc5+ {[%clk 0:02:19]} 26. Kh1
{[%clk 0:20:52]} Kg8 {[%clk 0:02:29]} 27. Rad1 {[%clk 0:11:54]} Rc8
{[%clk 0:01:01]} 28. Ndf3 {[%clk 0:06:44]} Nc4 {[%clk 0:00:39]} 29. Qe2
{[%clk 0:03:59]} Nb6 {[%clk 0:00:36]} 30. Ng4 {[%clk 0:03:55]} Qe8
{[%clk 0:00:32]} 31. Bxf6 {[%clk 0:02:23]} Qxe2 {[%clk 0:00:56]} 32. Rxe2
{[%clk 0:02:49]} gxf6 {[%clk 0:00:59]} 33. Nxh6+ {[%clk 0:03:10]} Kh7
{[%clk 0:00:59]} 34. Nf5 {[%clk 0:03:23]} Kg6 {[%clk 0:01:00]} 35. N5d4
{[%clk 0:03:18]} Bd6 {[%clk 0:00:38]} 36. g3 {[%clk 0:02:43]} Rc4
{[%clk 0:00:35]} 37. Re6 {[%clk 0:01:59]} Rd8 {[%clk 0:00:31]} 38. Ne5+
{[%clk 0:01:06]} Bxe5 {[%clk 0:00:52]} 39. fxe5 {[%clk 0:01:35]} Nd7
{[%clk 0:00:40]} 40. Rd6 {[%clk 0:31:47]} Rcc8 {[%clk 0:30:31]} 41. Ne6
{[%clk 0:31:42]} 1-0

[Event "World Chess Olympiad 2018"]
[Site "Batumi"]
[Date "2018.10.04"]
[Round "10"]
[Board "3"]
[WhiteFideId "3902781"]
[White "Patino Garcia Corals"]
[BlackFideId "12400980"]
[Black "Nguyen Thu Giang"]
[Result "0-1"]
[LiveChessVersion "1.4.8"]
[BlackElo "2134"]
[WhiteElo "2023"]

1. d4 {[%clk 1:30:55]} e6 {[%clk 1:29:58]} 2. c4 {[%clk 1:31:19]} f5
{[%clk 1:30:18]} 3. Nc3 {[%clk 1:30:19]} Nf6 {[%clk 1:30:41]} 4. g3
{[%clk 1:30:30]} Bb4 {[%clk 1:29:44]} 5. Bg2 {[%clk 1:26:34]} Bxc3+
{[%clk 1:27:00]} 6. bxc3 {[%clk 1:26:57]} O-O {[%clk 1:27:06]} 7. Rb1
{[%clk 1:26:11]} Nc6 {[%clk 1:16:42]} 8. Nf3 {[%clk 1:20:16]} Ne4
{[%clk 1:11:27]} 9. Qd3 {[%clk 1:17:41]} d6 {[%clk 1:03:02]} 10. Nd2
{[%clk 1:13:19]} Nxd2 {[%clk 0:55:41]} 11. Bxd2 {[%clk 1:12:28]} Qf6
{[%clk 0:53:25]} 12. d5 {[%clk 0:52:41]} exd5 {[%clk 0:48:53]} 13. cxd5
{[%clk 0:48:11]} Ne5 {[%clk 0:48:39]} 14. Qc2 {[%clk 0:46:57]} b6
{[%clk 0:44:30]} 15. O-O {[%clk 0:44:48]} Ba6 {[%clk 0:43:46]} 16. Be3
{[%clk 0:44:26]} Bc4 {[%clk 0:41:17]} 17. Qd2 {[%clk 0:36:53]} Rfe8
{[%clk 0:39:44]} 18. Rfe1 {[%clk 0:37:01]} Qf7 {[%clk 0:37:59]} 19. a4
{[%clk 0:36:28]} a6 {[%clk 0:35:40]} 20. h3 {[%clk 0:29:52]} h6 {[%clk 0:32:40]}
21. f4 {[%clk 0:28:59]} Nd7 {[%clk 0:31:38]} 22. Rb4 {[%clk 0:22:29]} b5
{[%clk 0:31:33]} 23. axb5 {[%clk 0:20:14]} axb5 {[%clk 0:31:55]} 24. Bd4
{[%clk 0:20:26]} Ra2 {[%clk 0:15:13]} 25. Rb2 {[%clk 0:20:01]} Rxb2
{[%clk 0:11:10]} 26. Qxb2 {[%clk 0:20:24]} Nf6 {[%clk 0:11:03]} 27. Bxf6
{[%clk 0:20:04]} Qxf6 {[%clk 0:11:27]} 28. e4 {[%clk 0:17:29]} Qg6
{[%clk 0:10:09]} 29. Qf2 {[%clk 0:17:43]} fxe4 {[%clk 0:09:37]} 30. f5
{[%clk 0:15:04]} Qf6 {[%clk 0:09:39]} 31. Bxe4 {[%clk 0:14:06]} Qxc3
{[%clk 0:09:29]} 32. f6 {[%clk 0:08:04]} Qxf6 {[%clk 0:09:09]} 33. Bh7+
{[%clk 0:07:23]} Kf8 {[%clk 0:09:24]} 34. Rxe8+ {[%clk 0:06:57]} Kxe8
{[%clk 0:09:50]} 35. Qe3+ {[%clk 0:07:06]} Qe5 {[%clk 0:09:54]} 36. Qxe5+
{[%clk 0:03:23]} dxe5 {[%clk 0:10:19]} 37. Bg8 {[%clk 0:03:45]} Ke7
{[%clk 0:10:36]} 38. Kf2 {[%clk 0:03:59]} Kd6 {[%clk 0:10:56]} 39. Ke3
{[%clk 0:04:11]} Bxd5 0-1

[Event "World Chess Olympiad 2018"]
[Site "Batumi"]
[Date "2018.10.04"]
[Round "10"]
[Board "4"]
[WhiteFideId "3201937"]
[White "Berezina Irina"]
[BlackFideId "3909034"]
[Black "Alvarado Arcila Marvia Josefina"]
[Result "1/2-1/2"]
[LiveChessVersion "1.4.8"]
[BlackElo "1956"]
[WhiteElo "2112"]

1. d4 {[%clk 1:30:52]} Nf6 {[%clk 1:30:31]} 2. c4 {[%clk 1:31:11]} g6
{[%clk 1:30:24]} 3. Nf3 Bg7 4. g3 {[%clk 1:30:07]} O-O {[%clk 1:29:24]} 5. Bg2
{[%clk 1:30:15]} c6 {[%clk 1:29:16]} 6. O-O {[%clk 1:28:29]} d5 {[%clk 1:29:21]}
7. cxd5 {[%clk 1:21:35]} cxd5 {[%clk 1:26:44]} 8. Nc3 {[%clk 1:20:40]} Nc6
{[%clk 1:22:06]} 9. Ne5 {[%clk 1:16:37]} Bf5 {[%clk 1:00:14]} 10. Nxc6
{[%clk 1:12:33]} bxc6 {[%clk 1:00:34]} 11. Na4 {[%clk 1:11:19]} Nd7
{[%clk 0:42:47]} 12. Bf4 {[%clk 1:06:34]} e5 {[%clk 0:36:44]} 13. dxe5
{[%clk 1:06:08]} Nxe5 {[%clk 0:30:02]} 14. Rc1 {[%clk 1:04:31]} Rc8
{[%clk 0:23:25]} 15. b3 {[%clk 1:03:51]} Re8 {[%clk 0:19:02]} 16. Qd2
{[%clk 1:01:31]} Qe7 {[%clk 0:17:56]} 17. Rfe1 {[%clk 0:58:47]} Red8
{[%clk 0:13:49]} 18. Nc5 {[%clk 0:52:03]} Bf6 {[%clk 0:10:14]} 19. Qa5
{[%clk 0:45:49]} g5 {[%clk 0:06:59]} 20. Bd2 {[%clk 0:45:30]} Rb8
{[%clk 0:07:18]} 21. a4 {[%clk 0:45:39]} Bc8 {[%clk 0:03:21]} 22. Bb4
{[%clk 0:36:46]} Qe8 {[%clk 0:03:27]} 23. Ba3 {[%clk 0:36:25]} a6
{[%clk 0:02:30]} 24. h3 {[%clk 0:22:10]} Be7 {[%clk 0:01:36]} 25. Qd2
{[%clk 0:19:52]} h6 {[%clk 0:01:28]} 26. f4 {[%clk 0:15:29]} Ng6 {[%clk 0:00:50]}
27. b4 {[%clk 0:12:49]} gxf4 {[%clk 0:01:02]} 28. gxf4 {[%clk 0:12:44]} Bh4
{[%clk 0:00:57]} 29. Rf1 {[%clk 0:12:56]} Bf5 {[%clk 0:00:46]} 30. Bb2
{[%clk 0:11:54]} Qe7 {[%clk 0:00:43]} 31. Qd4 {[%clk 0:11:24]} f6 32. Nxa6
{[%clk 0:10:03]} Rbc8 {[%clk 0:01:29]} 33. e3 {[%clk 0:09:45]} Re8
{[%clk 0:01:37]} 34. b5 {[%clk 0:09:31]} Qxe3+ {[%clk 0:01:24]} 35. Qxe3
{[%clk 0:08:29]} Rxe3 {[%clk 0:01:48]} 36. Bd4 {[%clk 0:05:00]} Ra3
{[%clk 0:01:24]} 37. b6 {[%clk 0:04:23]} Rxa4 {[%clk 0:01:30]} 38. b7
{[%clk 0:03:59]} Rxd4 {[%clk 0:01:23]} 39. Rxc6 {[%clk 0:03:40]} Rf8
{[%clk 0:01:14]} 40. Nc7 {[%clk 0:31:06]} Nxf4 {[%clk 0:31:10]} 41. Rxf4
{[%clk 0:23:48]} Rxf4 {[%clk 0:31:13]} 42. Nxd5 {[%clk 0:23:45]} Rf2
{[%clk 0:08:32]} 43. Rc4 {[%clk 0:16:27]} Bg3 {[%clk 0:08:01]} 44. Rc3
{[%clk 0:10:50]} Rxg2+ {[%clk 0:07:43]} 45. Kxg2 {[%clk 0:11:15]} Be4+
{[%clk 0:08:09]} 46. Kxg3 {[%clk 0:11:29]} Bxd5 {[%clk 0:08:32]} 47. Rc7
{[%clk 0:11:42]} Be6 {[%clk 0:05:18]} 48. h4 {[%clk 0:11:43]} h5 {[%clk 0:05:15]}
49. Kf4 {[%clk 0:10:38]} Rd8 {[%clk 0:05:06]} 50. Re7 {[%clk 0:10:12]} Bg4
{[%clk 0:04:42]} 51. Rc7 {[%clk 0:10:11]} Kf8 {[%clk 0:04:32]} 52. Rh7
{[%clk 0:09:55]} Kg8 {[%clk 0:04:11]} 53. Rc7 {[%clk 0:10:06]} Be6
{[%clk 0:03:23]} 54. Re7 {[%clk 0:09:27]} Bc4 {[%clk 0:02:38]} 55. Kf5
{[%clk 0:06:46]} Ba6 {[%clk 0:02:25]} 56. Kxf6 {[%clk 0:06:00]} Rb8
{[%clk 0:02:25]} 57. Kg5 {[%clk 0:05:57]} Bxb7 {[%clk 0:02:29]} 58. Kxh5
{[%clk 0:06:12]} Bf3+ {[%clk 0:02:15]} 59. Kg5 {[%clk 0:04:46]} Rb4
{[%clk 0:02:00]} 60. Re3 {[%clk 0:03:05]} 1/2-1/2